书目信息 |
| 题名: |
无机精细化工工艺学
|
|
| 作者: | 张昭 , 彭少方 , 刘栋昌 编著 | |
| 分册: | ||
| 出版信息: | 北京 化学工业出版社 2015.6 |
|
| 页数: | 325页 | |
| 开本: | 26cm | |
| 丛书名: | ||
| 单 册: | ||
| 中图分类: | TQ110.6 | |
| 科图分类: | ||
| 主题词: | 无机化工--精细化工--工艺学--高等学校--教材 , 无机化工 , 精细化工 | |
| 电子资源: | ||
| ISBN: | 7-5025-7201-5 | |
| 000 | 01009nam0 2200301 450 | |
| 001 | 0400002814 | |
| 005 | 20171026085450.98 | |
| 010 | @a7-5025-7201-5@dCNY38.00 | |
| 100 | @a20051008d2015 em y0chiy50 ea | |
| 101 | 0 | @achi |
| 102 | @aCN@b110000 | |
| 105 | @ay z 000yy | |
| 106 | @ar | |
| 200 | 1 | @a无机精细化工工艺学@9wu ji jing xi hua gong gong yi xue@f张昭, 彭少方,刘栋昌编著 |
| 205 | @a第2版 | |
| 210 | @a北京@c化学工业出版社@d2015.6 | |
| 215 | @a325页@c图@d26cm | |
| 300 | @a面向21世纪课程教材 | |
| 330 | @a本书共4篇19章。第1篇介绍了21世纪的新材料与新技术。第2篇介绍微粉制备工艺。第3篇介绍微粉制备的化工问题。第4篇介绍新兴无机化学品的制备工艺及研究进展。 | |
| 606 | 0 | @a无机化工@x精细化工@x工艺学@x高等学校@j教材 |
| 606 | 0 | @a无机化工 |
| 606 | 0 | @a精细化工 |
| 690 | @aTQ110.6@v4 | |
| 701 | 0 | @a张昭@9zhang zhao@4编著 |
| 701 | 0 | @a彭少方@9peng shao fang@4编著 |
| 701 | 0 | @a刘栋昌@9liu dong chang@4编著 |
| 801 | 0 | @aCN@b91MARC@c20171021 |
| 905 | @b1032750-4@dTQ110.6@f5@e35=2 | |
| 无机精细化工工艺学/张昭, 彭少方,刘栋昌编著.-第2版.-北京:化学工业出版社,2015.6 |
| 325页:图;26cm |
| 面向21世纪课程教材 |
| ISBN 7-5025-7201-5:CNY38.00 |
| 本书共4篇19章。第1篇介绍了21世纪的新材料与新技术。第2篇介绍微粉制备工艺。第3篇介绍微粉制备的化工问题。第4篇介绍新兴无机化学品的制备工艺及研究进展。 |
| ● |
| 相关链接 |
|
|
|
|
正题名:无机精细化工工艺学
索取号:TQ110.6/35=2
 
预约/预借
| 序号 | 登录号 | 条形码 | 馆藏地/架位号 | 状态 | 备注 |
| 1 | 1032750 | 210327500 | 第二样本阅览室/ [索取号:TQ110.6/35=2] | 在馆 | |
| 2 | 1032751 | 210327519 | 密集书库-化学系/ [索取号:TQ110.6/35=2] | 在馆 | |
| 3 | 1032752 | 210327528 | 第三借阅区/ [索取号:TQ110.6/35=2] | 在馆 | |
| 4 | 1032753 | 210327537 | 第三借阅区/ [索取号:TQ110.6/35=2] | 在馆 | |
| 5 | 1032754 | 210327546 | 第三借阅区/ [索取号:TQ110.6/35=2] | 在馆 |